<?xml version="1.0" encoding="UTF-8"?><?xml-stylesheet type="text/xsl" href="static/style.xsl"?><OAI-PMH xmlns="http://www.openarchives.org/OAI/2.0/" xmlns:xsi="http://www.w3.org/2001/XMLSchema-instance" xsi:schemaLocation="http://www.openarchives.org/OAI/2.0/ http://www.openarchives.org/OAI/2.0/OAI-PMH.xsd"><responseDate>2026-04-17T14:55:02Z</responseDate><request verb="GetRecord" identifier="oai:www.recercat.cat:2117/15776" metadataPrefix="marc">https://recercat.cat/oai/request</request><GetRecord><record><header><identifier>oai:recercat.cat:2117/15776</identifier><datestamp>2026-02-07T07:58:36Z</datestamp><setSpec>com_2072_1033</setSpec><setSpec>col_2072_452950</setSpec></header><metadata><record xmlns="http://www.loc.gov/MARC21/slim" xmlns:dcterms="http://purl.org/dc/terms/" xmlns:xsi="http://www.w3.org/2001/XMLSchema-instance" xmlns:doc="http://www.lyncode.com/xoai" xsi:schemaLocation="http://www.loc.gov/MARC21/slim http://www.loc.gov/standards/marcxml/schema/MARC21slim.xsd">
   <leader>00925njm 22002777a 4500</leader>
   <datafield ind2=" " ind1=" " tag="042">
      <subfield code="a">dc</subfield>
   </datafield>
   <datafield ind2=" " ind1=" " tag="720">
      <subfield code="a">Chavarría Roé, Javier</subfield>
      <subfield code="e">author</subfield>
   </datafield>
   <datafield ind2=" " ind1=" " tag="720">
      <subfield code="a">Biel Solé, Domingo</subfield>
      <subfield code="e">author</subfield>
   </datafield>
   <datafield ind2=" " ind1=" " tag="720">
      <subfield code="a">Guinjoan Gispert, Francisco</subfield>
      <subfield code="e">author</subfield>
   </datafield>
   <datafield ind2=" " ind1=" " tag="720">
      <subfield code="a">Meza Benavides, Carlos</subfield>
      <subfield code="e">author</subfield>
   </datafield>
   <datafield ind2=" " ind1=" " tag="720">
      <subfield code="a">Negroni Vera, Juan José</subfield>
      <subfield code="e">author</subfield>
   </datafield>
   <datafield ind2=" " ind1=" " tag="260">
      <subfield code="c">2012-01-26</subfield>
   </datafield>
   <datafield ind2=" " ind1=" " tag="520">
      <subfield code="a">This paper presents an energy-balance control strategy for a cascaded single-phase grid-connected H-bridge multilevel inverter linking n independent PV arrays to the grid. The control scheme is based on an energy-sampled data model of the PV system and enables the design of a voltage loop linear discrete controller for each array ensuring the stability of the system for the whole range of PV arrays operating conditions. The control design is adapted to Phase-Shifted and Level-Shifted Carrier PWM to share the control action among the cascadeconnected bridges in order to concurrently synthesize a multilevel waveform and to keep each of the PV arrays at its maximum power operating point. Experimental results carried out on a 7-level inverter are included to validate the proposed approach.</subfield>
   </datafield>
   <datafield ind2=" " ind1=" " tag="520">
      <subfield code="a">Peer Reviewed</subfield>
   </datafield>
   <datafield ind2=" " ind1=" " tag="520">
      <subfield code="a">Postprint (published version)</subfield>
   </datafield>
   <datafield tag="653" ind2=" " ind1=" ">
      <subfield code="a">Àrees temàtiques de la UPC::Matemàtiques i estadística</subfield>
   </datafield>
   <datafield tag="653" ind2=" " ind1=" ">
      <subfield code="a">Discrete-time systems.</subfield>
   </datafield>
   <datafield tag="653" ind2=" " ind1=" ">
      <subfield code="a">Control theory.</subfield>
   </datafield>
   <datafield tag="653" ind2=" " ind1=" ">
      <subfield code="a">Control, Teoria de</subfield>
   </datafield>
   <datafield tag="653" ind2=" " ind1=" ">
      <subfield code="a">Models matemàtics</subfield>
   </datafield>
   <datafield tag="653" ind2=" " ind1=" ">
      <subfield code="a">Sistemes discrets en temps</subfield>
   </datafield>
   <datafield ind2="0" ind1="0" tag="245">
      <subfield code="a">Energy-balance control of PV cascaded multilevel grid-connected inverters under level-shifted and phase-shifted PWMs</subfield>
   </datafield>
</record></metadata></record></GetRecord></OAI-PMH>